Automatizace knihovnických systémů : sborník příspěvků ze semináře pořádaného 12. - 13. září 1995 na Univerzitě Karlově v Praze. 1995 /

Korporativní autor: Univerzita Karlova. Ústav informačních studií a knihovnictví
Další autoři: Vlasák, Rudolf, 1936-
Jazyk: Čeština
Vydáno: Praha : Svaz knihovníků a informačních pracovníků České republiky, 1995
Edice: Aktuality SKIP
Témata:
Fyzický popis: 75 s. : il. ; 21 cm
Knihy
Uloženo v:
LEADER 01146nam a2200277 a 4500
001 000058680
003 CZ BrMZK
005 20040210111450.0
008 010907s1995 xr f cze d
020 |a 80-85851-04-0 
040 |a BOA001  |b cze 
080 |a 681.324  |2 MRF 
080 |a 681.3:02  |2 MRF 
080 |a 02:681.3  |2 MRF 
245 0 0 |a Automatizace knihovnických systémů :  |b sborník příspěvků ze semináře pořádaného 12. - 13. září 1995 na Univerzitě Karlově v Praze.  |n 1995 /  |c sestavil Rudolf Vlasák. 
260 |a Praha :  |b Svaz knihovníků a informačních pracovníků České republiky,  |c 1995 
300 |a 75 s. :  |b il. ;  |c 21 cm 
490 1 |a Aktuality SKIP ;  |v sv. 10 
500 |a Bibliogr. 
653 0 |a automatizace  |a knihovnické systémy  |a počítačové sítě 
700 1 |a Vlasák, Rudolf,  |d 1936-  |7 nlk19990073996  |4 com 
710 2 |a Univerzita Karlova.  |b Ústav informačních studií a knihovnictví  |7 kn20010710045 
830 0 |a Aktuality SKIP  |0 s 
910 |a BOA001  |b TK-0251.057,1995 
990 |a BK 
996 7 |b 2620002695  |c TK-0251.057,1995  |l MZK  |r Sklad / do 24 hodin  |n 9  |p kup  |w 000058680  |u 000010  |a 1  |e BOA001  |j MZK50  |s A